000
00231nam a22000857a 4500
008
160928b xxu||||| |||| 00| 0 eng d
100
_9
800
_a
Siddiqui.S.etal
245
_a
English Reader-3
260
_a
New Delhi
_b
S. Chand Publications
_c
2011
999
_c
3454
_d
3454